| 000 | 00786nam a2200229 a 4500 | ||
|---|---|---|---|
| 999 |
_c7327 _d7327 |
||
| 001 | 7327 | ||
| 003 | BD-JhCC | ||
| 005 | 20180303130443.0 | ||
| 008 | 180208s2005 b a|||| ||a| 001 0 be d | ||
| 020 | _a9848140565 | ||
| 035 | _a(BD-JhCC)7327 | ||
| 040 |
_aBD-JhCC _dBD-JhCC |
||
| 041 | _aben | ||
| 082 |
_a954.92 _bNUR 2005 |
||
| 100 | _aনুরনবী,প্রফেসর মোহাম্মদ | ||
| 245 |
_aবাঙলাদেশের ইতিহাস : _bপ্রচীনকাল থেকে ১৭৬৫ / _cপ্রফেসর মোহাম্মদ নুরনবী |
||
| 260 |
_aঢাকা : _bআ.আ. প্রকাশন ; _c2005 . |
||
| 300 |
_a303 p. : _bill ; _c22 cm. |
||
| 650 |
_aBangladesh _xHistory |
||
| 942 |
_2lcc _cBK |
||